آخری مغرکہ (Record no. 608200)
[ view plain ]
| 000 -LEADER | |
|---|---|
| fixed length control field | 00581nam a2200193 a 4500 |
| 003 - CONTROL NUMBER IDENTIFIER | |
| control field | OSt |
| 005 - DATE AND TIME OF LATEST TRANSACTION | |
| control field | 20240226131318.0 |
| 008 - FIXED-LENGTH DATA ELEMENTS--GENERAL INFORMATION | |
| fixed length control field | 180228t pk | |||| 000 f urd d |
| 040 ## - CATALOGING SOURCE | |
| Transcribing agency | 0 |
| 082 ## - DEWEY DECIMAL CLASSIFICATION NUMBER | |
| Classification number | 891.4393 |
| Author Mark | HAJ |
| 100 10 - MAIN ENTRY--PERSONAL NAME | |
| Personal name | حجازی،نسيم |
| 9 (RLIN) | 47098 |
| 245 10 - TITLE STATEMENT | |
| Title | آخری مغرکہ |
| Statement of responsibility, etc. | Naseem Hajazi |
| 246 ## - VARYING FORM OF TITLE | |
| Title proper/short title | Akhree Markah |
| 260 ## - PUBLICATION, DISTRIBUTION, ETC. | |
| Place of publication, distribution, etc. | Lahore: |
| Name of publisher, distributor, etc. | Jahangir Book Deepo; |
| 300 ## - PHYSICAL DESCRIPTION | |
| Extent | 592 p. |
| 650 ## - SUBJECT ADDED ENTRY--TOPICAL TERM | |
| Topical term or geographic name entry element | Urdu literature |
| Form subdivision | Noval |
| 9 (RLIN) | 121292 |
| 942 ## - ADDED ENTRY ELEMENTS (KOHA) | |
| Source of classification or shelving scheme | |
| Koha item type | Book |
| Institution code [OBSOLETE] | SADA |
| Call number prefix | 891.4393 HAJ |
| Withdrawn status | Lost status | Source of classification or shelving scheme | Damaged status | Not for loan | Permanent Location | Current Location | Date acquired | Source of acquisition | Total Checkouts | Full call number | Barcode | Date last seen | Cost, replacement price | Price effective from | Koha item type |
|---|---|---|---|---|---|---|---|---|---|---|---|---|---|---|---|
| School of Art Design and Architecture (SADA) | School of Art Design and Architecture (SADA) | 02/09/2018 | Donation | 891.4393 HAJ | SADAD0000298 | 02/26/2024 | 402.50 | 02/26/2024 | Book |
